00455nam a2200133Ia 4500008004100000020002200041041001200063100001500075245016400090250000900254260003100263300000900294650001800303221220s9999 xx 000 0 und d a978-93-8999-135-2 aEnglish aA. Ramaiya 0aGuide to the Companies Act, 19th Ed : Consolidated Table of Cases & Subject Index & Additional Reference Material Appendix-1 (Appendices 68-140)cby A. Ramaiya a19th bLexis NexisaHaryanac2021 a4006 aCompanies Act